000 01166nam0a2200301 i 4500
001 RU\NLR\bibl\1916510
005 20240921120016.0
010 _a9785803807643
_9120
021 _aRU
_b2012-41678
_93082
035 _a(NLR Aleph) 001906000
090 _a3111562
_c3111562
100 _a20120621d2012 k y0rusy50 ca
101 0 _arus
102 _aRU
105 _aa |||||||||
200 1 _aВода в минералах
_eмонография
_fТ.И. Шишелова
_gМ-во образования и науки РФ, Иркут. гос. техн. ун-т
210 _aИркутск
_cИзд-во Иркутского государственного техничекого университета
_d2012
215 _a110 с.
_cил.
_d20
320 _aБиблиогр.: с. 105-110 (93 назв.)
606 1 _aМинералы
_xСодержание воды
_92109006
_3RU\NLR\auth\661578302
686 _aД330.44
700 1 _aШишелова
_bТ. И.
_gТамара Ильинична
_4070
801 0 _aRU
_bNLR
_c20120621
_gRCR
801 1 _aRU
_bNLR
_c20120621
830 _aавт. по кн.
942 _cBOOK
980 _aNBR